| 000 | 00788nam a22002297a 4500 | ||
|---|---|---|---|
| 999 |
_c10057 _d10057 |
||
| 003 | BD-JhCC | ||
| 005 | 20180404195011.0 | ||
| 008 | 180225s2013 bg a|||| |||| 000 0 ben d | ||
| 020 | _a9789843374622 | ||
| 035 | _a(BD-JhCC) | ||
| 040 |
_aBD-JhCC _dBD-JhCC |
||
| 041 | _aben | ||
| 082 |
_a709.00 _bGOP 2013 |
||
| 245 |
_aপ্রতিবেদন- লোককারুশিল্প মেলা ও লোকজ উৎসব ১৪২০ / _cরবীন্দ্র গোপ |
||
| 260 |
_aঢাকাঃ _bবাংলাদেশ লোক ও কারুশিল্প ফাউন্ডশন _c2013. |
||
| 300 |
_a144 p. : _bill _c26 cm. |
||
| 650 | _aArts | ||
| 650 | _aCrafts | ||
| 700 | _aগোপ, রবীন্দ্র | ||
| 942 |
_2ddc _cBK |
||